1634 1812 1772 1459 1343 1130 1424 1610 1070 1955 1895 1032 1829 1326 1902 1378 1346 1349 1172 1384 1247 1068 1470 1428 1873 1542 1327 1061 1054 1889 1119 1490 1456 1584 1648 1144 1483 1567 1892 1494 1377 1532 1611 1860 1982 1621 1014 1568 1951 1099 1120 1493 1457 1556 1054 1114 1086 1135 1240 1362 1742 1324 1093 1227 1043 1642 1571 1767 1195 1376 1373 1681 1136 1157 1810 1599 1503 1308 1815 1641 1863 1022 1418 1461 1111 1862 1327 1946 1358 1841 1623 1720 1363 1722 1565 1036 1646 1861 1848 BCNSPRNW ULIB Ver.6.0+V

เปลี่ยนเป็นภาษาไทย

Change to English
 แสดงรายละเอียดบรรณานุกรม
  กลับหน้าหลัก

Brief Record : Get Marc (ISO 2709) : E-mail record : QR code < ปิดหน้าต่าง
LEADER : 00000nam 2200000uu 4500
001    13399121498
003     ULIB
008    020711s2009 th a 000 0 eng d
020    9780323057912
060  4 WB115^bM734M
100    Robin Carter
110    Mosby Elsevier
245    Mosby s Expert Physical Exam Handbook./^cRobin Carter
250    3trdth ed
260    New York :^bMosby Elsevier,^c2009
300    381 pages
650    Physical diagnosis
650    Nursing diagnosis
945    ^p0^l0^i027431
999    ^aทศพร
รายการนี้ยังไม่มีแท็ก
คุณยังไม่ได้ล็อกอิน คุณสามารถมีกิจกรรมร่วมกับเว็บไซต์ได้ แต่ต้องล็อกอินก่อน ::
  ล็อกอิน

รายการสื่อสารสนเทศ

ลำดับที่ ประเภท เลขเรียก/บาร์โค้ด สถานที่ สถานะ
1. วิทยาศาสตร์การแพทย์ และสุขภาพ
วิทยาศาสตร์การแพทย์ และสุขภาพ
WB115 M734M C.1 
  Barcode: 027431
ห้องสมุดวิทยาเขตสวรรค์ประชารักษ์
►หนังสือทั่วไป
บนชั้น

รายการใกล้เคียง
    หัวเรื่อง [Physical diagnosis]
    หัวเรื่อง [Nursing diagnosis]

BibComment


ยังไม่เคยถูกคอมเมนท์

คอมเมนท์ทรัพยากรรายการนี้
  คอมเมนท์: Mosby s Expert Ph..


 Copyright 2026. Bcnsprnw @Library